Información contable y gestión ii /
Guardado en:
| Autor Principal: | |
|---|---|
| Formato: | Libro |
| Publicado: |
Buenos Aires :
Santillana,
2007
|
| Series: | Perspectivas
|
| Materias: | |
| Etiquetas: |
Agregar Etiqueta
Sin Etiquetas, Sea el primero en etiquetar este registro!
|
| LEADER | 01123nam a22002295a 4500 | ||
|---|---|---|---|
| 001 | CEM.cems012851 | ||
| 008 | 130507s2007##################000#0#####d | ||
| 005 | 20240529151648.0 | ||
| 245 | 1 | 0 | |a Información contable y gestión ii / |c Raquel Rosenberg |
| 260 | |a Buenos Aires : |b Santillana, |c 2007 | ||
| 300 | |a 256 p. | ||
| 490 | 0 | |a Perspectivas | |
| 505 | 0 | |a Manejo de los recursos de la empresa -- Fuentes externas de financiación de la empresa -- Fuentes internas de financiación de la empresa -- Estructura del sistema contable -- Información sobre resultados -- Ajustes de resultados -- El sistema de información contable -- Información contable para la gestión | |
| 020 | |a 9789504618065 | ||
| 100 | 1 | |a Rosenberg, Raquel | |
| 082 | 0 | 4 | |a 657 |
| 653 | |a Administración de empresas | ||
| 653 | |a Contabilidad | ||
| 859 | |a CEMS |b BIB. CEMS - 11 de abril |h 657 |i R723-2 |p 25130.08 |t Ej.1 |v II |3 II | ||
| 859 | |a CEMS |b BIB. CEMS - 11 de abril |h 657 |i R723-2 |p 25131.08 |t Ej.2 |v II |3 II | ||
| 859 | |a CEMS |b BIB. CEMS - 11 de abril |h 657 |i R723-2 |p 25140.08 |t Ej.3 |v II |3 II | ||
| 859 | |a CEMS |b BIB. CEMS - 11 de abril |h 657 |i R723-2 |p 29459.24 |t Ej.4 |3 II | ||
